Shantytown protest in Pinochet's Chile

Αποθηκεύτηκε σε:
Λεπτομέρειες βιβλιογραφικής εγγραφής
Κύριος συγγραφέας: Schneider, Cathy Lisa 1955-
Μορφή: Βιβλίο
Γλώσσα:English
Δημοσίευση: Philadelphia : Temple University Press, c1995
Θέματα:
Ετικέτες: Προσθήκη ετικέτας
Δεν υπάρχουν, Καταχωρήστε ετικέτα πρώτοι!

MARC

LEADER 00000nam a2200000 i 4500
001 1/78537
008 990427s1995 eng d
020 |a 1-56639306-X 
035 |l 10050174 
040 |a GR-MY-UA  |b gre  |e aacr 
041 0 |a eng 
082 0 |a 322.44098331509047 
100 1 |a Schneider, Cathy Lisa  |d 1955- 
245 1 0 |a Shantytown protest in Pinochet's Chile /  |c Cathy Lisa Schneider 
260 |a Philadelphia :   |b Temple University Press,   |c c1995 
300 |a 269 p.  |b ill. 
504 |a Includes bibliographical references and index 
650 0 0 |a Urban poor  |z Chile  |z Santiago  |x Political activity. 
650 0 0 |a Urban poor  |z Chile  |z Santiago  |x Political activity  |x Interviews. 
650 0 0 |a Social movements  |z Chile  |z Santiago. 
650 0 0 |a Protest movements  |z Chile  |z Santiago. 
650 0 0 |a Democracy  |z Chile. 
651 0 |a Chile  |x Politics and government  |y 1973-1988. 
651 0 |a Chile  |x History  |y 1973-1988. 
852 |a INST  |b LESVOS  |e 19990427  |h 322.44098331509047 SCH  |p 005100016676  |q 005100016676  |t BK  |y 0 
901 |a BIBL-1999-1 
909 |a Λ  |b 061977 
922 |a 1ΕΛΗ  |b 199812  |c ΚΠΣ/ΤΚ  |d ΠΑΠΑΣΩΤΗΡΙΟΥ 
950 |a 103-1998-07-27